The Second Epistle of Paul to the Corinthians: (Record no. 17051)

000 -LEADER
fixed length control field 00720nam a2200205 a 4500
001 - CONTROL NUMBER
control field :::00020713$&:&@@
003 - CONTROL NUMBER IDENTIFIER
control field OkBaRHE
005 - DATE AND TIME OF LATEST TRANSACTION
control field 20030404155921.0
008 - FIXED-LENGTH DATA ELEMENTS--GENERAL INFORMATION
fixed length control field s1958 j 000 0 eng u
040 ## - CATALOGING SOURCE
Transcribing agency
100 1# - MAIN ENTRY--PERSONAL NAME
Personal name Tasker, Randolph Vincent Greenwood, 1895-
245 14 - TITLE STATEMENT
Title The Second Epistle of Paul to the Corinthians:
Remainder of title an introduction and commentary.
250 ## - EDITION STATEMENT
Edition statement [1st ed.]
260 ## - PUBLICATION, DISTRIBUTION, ETC. (IMPRINT)
Place of publication, distribution, etc Grand Rapids, MI., :
Name of publisher, distributor, etc Eerdmans
Date of publication, distribution, etc 1958
300 ## - PHYSICAL DESCRIPTION
Extent 192 p. ;
Dimensions 21 cm.
490 0# - SERIES STATEMENT
Series statement The Tyndale New Testament commentaries.
650 ## - SUBJECT ADDED ENTRY--TOPICAL TERM
Topical term or geographic name as entry element Bible New Testament 2 Corinthians
General subdivision Commentaries
942 ## - ADDED ENTRY ELEMENTS (KOHA)
Source of classification or shelving scheme
Koha item type Books
Copies
Full call number Permanent Location Koha item type Date acquired Price effective from Source of classification or shelving scheme Shelving location Damaged status Withdrawn status Lost status Copy number Not for loan Barcode Date last seen
BS 2675 .T3RHEMA Bible Training CollegeBooks2010-04-142010-04-14 General Stacks   1 207132018-04-03